Contos para meninos, volume 1 (Record no. 62698)

MARC details
000 -LÍDER
campo de controle de tamanho fixo 00307 a2200133 4500
001 - NÚMERO DE CONTROLE
campo de controle 62698
020 ## - ISBN - INTERNATIONAL STANDARD BOOK NUMBER
ISBN - International Standard Book Number 9788539400423
040 ## - FONTE DA CATALOGAÇÃO
Instituição que transcreveu o registro Anchieta - Pituba
240 10 - TÍTULO UNIFORME
Título uniforme Contos para meninos, volume 1
Idioma da obra por
245 10 - TÍTULO
Título Contos para meninos, volume 1
300 ## - DESCRIÇÃO FÍSICA
Extensão 61
650 #4 - ASSUNTO--TERMO TÓPICO
Cabeçalho tópico ou nome geográfico Literatura juvenil
942 ## - ELEMENTOS DE ENTRADA ADICIONADOS (KOHA)
Tipo de material Koha Livros
Holdings
Situação do descarte Situação das perdas Situação física Não pode ser emprestado Biblioteca de origem Biblioteca atual Data de aquisição Total de empréstimos Número de chamada completo Código de barras Data de último acesso Data do preço efetivo Tipo de material Koha Fonte da classificação ou esquema de arquivamento na estante Nota pública
        Colégio Anchieta - Pituba Colégio Anchieta - Pituba 21/11/2023   LJ 028.5 C763c CON 15853/PIT 21/11/2023 21/11/2023 Livros    
        Novo Tempo - Aureliano São José Novo Tempo - Aureliano São José 02/07/2024     if342 02/07/2024 02/07/2024 Livros Classificação Decimal de Dewey C